00610nam a22001697a 450000500170000000800410001702000180005805000250007610000340010124500950013525000220023026000320025230000410028449000260032550400460035165100430039720190827135814.0190808b mx ||||| |||| 00| 0 spa d a978607940431404aHV6773.C35bL57 20141 aLira Arteaga, Óscar,eautor10aCibercriminalidad b: fundamentos de investigación en México c/ Óscar Lira Arteaga. aSegunda edición aMéxico :bInacipe,cc2014 axxii, 696 páginas :bil. ;c23 cm.0 aCriminalística, v9 aincluye bibliografía, glosario y anexos 72lembaMéxicoxDelitos por computador